| 000 | 03346nam a22004217a 4500 | ||
|---|---|---|---|
| 999 |
_c21871 _d21871 |
||
| 003 | AR-CdUCM | ||
| 008 | 190425b ||||| |||| 00| 0 spa d | ||
| 040 |
_aMUNICIPALIDAD PROVINCIAL DEL CUSCO _cBIBLIOTECA MUNICIPAL DEL CUSCO |
||
| 082 | _aRev.DIMA/N°23/1984 | ||
| 110 |
_aInstituto y Museo Arqueológico de la Universidad Nacional del Cuzco _946550 |
||
| 245 |
_aRevista del Museo e Instituto Arqueológico / _cUniversidad Nacional de San Antonio Abad del Cusco |
||
| 260 |
_aCusco : _bUniversidad Nacional de San Antonio Abad del Cusco, _c1984. |
||
| 300 |
_a318 páginas. : _bilustraciones ; _c21 cm. |
||
| 440 |
_aRevista del Museo e Instituto de Arqueología. _nN°23, Año 1984. _946579 |
||
| 505 | _aContenido: Tres nombres, tres signos cusqueños. Gustavo Pérez Ocampo. -- El taller lítico de Tumuku. Félix Palacios Ríos. -- Arquitectura y cerámica Killke del Cusco. José A. Gonzales Corrales. -- Arqueología de Qolqampata. Alfredo Valencia Zegarra. -- Caminos al Antisuyo. Salustio Gutiérrez Pareja. -- Establecimiento de la gobernación de Vilcabamba de acuerdo a un documento inédito del Siglo XVI. Roberto Cáceres Olivera. -- Qeros Cusqueños un ensayo de interpretación descriptiva de la iconografía Inca contenida en los Qeros o vasos de madera del Cusco. Manuel Chávez Ballón. -- Retratos coloniales en los incas nobles. John Howland Rowe. -- La concepción del tiempo y de la historia Inka en la crónica de Guamán de Guamán Poma de Ayala y su supervivencia actual en la región andina. Abdón Yaranga. -- Algunos elementos de análisis sobre nuestra historia hasta la conquista española. César Gonzales Mires. -- El león y la sierpe una alegoría andina del siglo XVIII. David V. de Rojas Silva. -- Los organistas y organeros del Cuzco antiguo. Teófilo Benavente. -- La conservación del patrimonio monumental a través de la historia. Roberto Samanez Argumedo. -- Causas que originaron la actual distribución espacial de las alpacas y llamas. Jorge Flores Ochoa. -- La caza en la tecnología andina. Leandro Zans Candía. -- La coca en las relaciones inter ecológicas. Jorge Sánchez Farfán. -- La extinción de los Qollanas en el proceso productivo cuzqueño. Abraham Valencia Espinoza. -- Los motivos de los tejidos de Q´ero la descripción de los tejidos. Gail P, Silverman Proust. -- Bibliografía ultima relacionada con la temática de la revista. | ||
| 650 |
_aArquitectura Killke _946580 |
||
| 650 |
_aArqueología cusqueña _99322 |
||
| 650 |
_aQhapaq Ñan _945532 |
||
| 650 |
_aSistema vial andino _946581 |
||
| 650 |
_aOrfebrería Inka _946582 |
||
| 650 |
_aHistoria del Cusco _91714 |
||
| 650 |
_aTecnología andina _910426 |
||
| 650 |
_aConservación del patrimonio _946583 |
||
| 650 |
_aTextilería andina _98669 |
||
| 700 |
_aPérez Ocampo, Gustavo _946584 |
||
| 700 |
_aPalacios Ríos, Félix _946585 |
||
| 700 |
_aGonzales Corrales, José _946586 |
||
| 700 |
_aCáceres Olivera, Roberto _946587 |
||
| 700 |
_aChávez Ballón, Manuel _945977 |
||
| 700 |
_aRowe, John _946023 |
||
| 700 |
_aGonzales Mires, César _91878 |
||
| 700 |
_aBenavente, Teófilo _946588 |
||
| 700 |
_aSamanez Argumedo, Roberto _95654 |
||
| 700 |
_aValencia Espinoza, Abraham _912606 |
||
| 710 |
_aUniversidad Nacional de San Antonio Abad del Cusco _915942 |
||
| 942 |
_2ddc _cPP |
||
| 945 | _arac | ||